| 000 | 00519nam a2200097Ia 4500 | ||
|---|---|---|---|
| 008 | 170517s9999 xx 000 0 und d | ||
| 245 | _aMaxed Out | ||
| 300 | _aPer its title, James D. Scurlock's virulently angry muckraking documentary Maxed Out examines the many problems associated with escalating U.S. consumer debt. Scurlock places his weightiest emphasis on the ends of the spectrum rooted in extreme evil (read: abuse) -... | ||
| 650 | _xBusiness and Economics. | ||
| 856 | _uhttp://topdocumentaryfilms.com/maxed-out/ | ||
| 999 |
_c333273 _d333273 |
||